| 000 | 00835nam a22002057a 4500 | ||
|---|---|---|---|
| 003 | OSt | ||
| 005 | 20260316052918.0 | ||
| 008 | 260316b |||||||| |||| 00| 0 eng d | ||
| 020 | _a978-0-316-20754-6 | ||
| 040 |
_aDWCL GS lib _cOC |
||
| 100 | _aJAMES PATTERSON | ||
| 245 |
_aMy brother is a big, fat liar _cJAMES PATTERSON |
||
| 260 |
_a New york _b Little Brown and Company _c2013 |
||
| 300 |
_avii, 275 pages. _c19cm. |
||
| 520 | _aMy Brother is a Big, Fat Liar by James Patterson and Lisa Papademetriou is a middle-school novel told by Georgia Khatchadorian, who aims to excel at Hills Village Middle School despite the reputation of her troublemaking brother, Rafe. | ||
| 546 | _aEnglish | ||
| 650 | _2humorous juvenile fiction novel. | ||
| 650 | _2individuality, resilience, and truth. | ||
| 942 |
_2ddc _cFIC. _hFic. _n0 |
||
| 999 |
_c9141 _d9141 |
||